000 00565nam a2200205 a 4500
005 20191217041642.0
008 140303b1999 wau||||| |||| 00| 0 eng d
041 _aeng
044 _axxu
090 _aLB
_b01601
100 _aSenaratna, Sonali
_913016
245 _aCommon property resources and coral reef ecosystems
260 _aWashington
_bIUCN
_c1999
300 _a15
650 _aArrecifes coralinos
_93691
650 _aComunidades locales
_93678
650 _aManejo de recursos
_93533
650 _aDesarrollo económico
_913017
942 _cImpreso
_2z
999 _c1608
_d1608